Schaum's outline problem solved differential equations : (Record no. 6281)

MARC details
000 -LEADER
fixed length control field 01454pam a2200337 a 4500
001 - CONTROL NUMBER
control field 2033679
003 - CONTROL NUMBER IDENTIFIER
control field OSt
005 - DATE AND TIME OF LATEST TRANSACTION
control field 20190830133957.0
008 - FIXED-LENGTH DATA ELEMENTS--GENERAL INFORMATION
fixed length control field 921124s1994 nyua 001 0 eng
010 ## - LIBRARY OF CONGRESS CONTROL NUMBER
LC control number 92041809
020 ## - INTERNATIONAL STANDARD BOOK NUMBER
International Standard Book Number 9780071611626
040 ## - CATALOGING SOURCE
Original cataloging agency DLC
Transcribing agency DLC
Modifying agency DLC
050 00 - LIBRARY OF CONGRESS CALL NUMBER
Item number .B856 1994
082 00 - DEWEY DECIMAL CLASSIFICATION NUMBER
Classification number 515.35 BRO 2006.
Edition number 20
100 1# - MAIN ENTRY--PERSONAL NAME
Personal name Bronson, Richard.
9 (RLIN) 750
245 10 - TITLE STATEMENT
Title Schaum's outline problem solved differential equations :
Statement of responsibility, etc. Richard Bronson.
Remainder of title 563 fully solved problems.
250 ## - EDITION STATEMENT
Edition statement 3rd ed.
260 ## - PUBLICATION, DISTRIBUTION, ETC. (IMPRINT)
Place of publication, distribution, etc. New York :
Name of publisher, distributor, etc. McGraw-Hill,
Date of publication, distribution, etc. 2006
300 ## - PHYSICAL DESCRIPTION
Extent xiv, 385 p. :
Other physical details ill. ;
Dimensions 28 cm.
500 ## - GENERAL NOTE
General note Updated ed. of Schaum's outline of modern introductory differential equations. c1973.
500 ## - GENERAL NOTE
General note Includes index.
650 #0 - SUBJECT ADDED ENTRY--TOPICAL TERM
Topical term or geographic name as entry element Differential equations.
9 (RLIN) 751
700 1# - ADDED ENTRY--PERSONAL NAME
Personal name Bronson, Richard.
Title of a work Schaum's outline of modern introductory differential equations.
9 (RLIN) 752
740 0# - ADDED ENTRY--UNCONTROLLED RELATED/ANALYTICAL TITLE
Uncontrolled related/analytical title Differential equations.
856 42 - ELECTRONIC LOCATION AND ACCESS
Materials specified Publisher description
Uniform Resource Identifier <a href="http://www.loc.gov/catdir/description/mh022/92041809.html">http://www.loc.gov/catdir/description/mh022/92041809.html</a>
856 41 - ELECTRONIC LOCATION AND ACCESS
Materials specified Table of contents only
Uniform Resource Identifier <a href="http://www.loc.gov/catdir/toc/mh021/92041809.html">http://www.loc.gov/catdir/toc/mh021/92041809.html</a>
856 42 - ELECTRONIC LOCATION AND ACCESS
Materials specified Contributor biographical information
Uniform Resource Identifier <a href="http://www.loc.gov/catdir/enhancements/fy0661/92041809-b.html">http://www.loc.gov/catdir/enhancements/fy0661/92041809-b.html</a>
906 ## - LOCAL DATA ELEMENT F, LDF (RLIN)
a 7
b cbc
c orignew
d 1
e ocip
f 19
g y-gencatlg
942 ## - ADDED ENTRY ELEMENTS (KOHA)
Source of classification or shelving scheme Dewey Decimal Classification
Koha item type Open Shelf
Holdings
Withdrawn status Lost status Source of classification or shelving scheme Damaged status Not for loan Home library Current library Date acquired Source of acquisition Inventory number Total Checkouts Full call number Barcode Checked out Date last seen Date last checked out Price effective from Koha item type Total Renewals
    Dewey Decimal Classification     MUST Main Library MUST Main Library 30/08/2019 Purchase 11/34410 1 515.35 BRO 2006. 2019-0327 19/09/2019 30/08/2019 30/08/2019 30/08/2019 Open Shelf  
    Dewey Decimal Classification     MUST Main Library MUST Main Library 01/02/2022 purchase 06/27891 3 515.35 BRO 2006. 2022-0121   18/11/2024 01/11/2024 01/02/2022 Open Shelf 1